000
00273nam a22001217a 4500
008
131127t xxu||||| |||| 00| 0 eng d
040
_a
ASAB
_c
ASAB
245
_a
Physical Chemistry
250
_a
5th Ed
300
_a
910 p.
700
_q
Gordon M Barrow
_9
301
942
_2
ddc
_c
BK
999
_c
16566
_d
16566